| 000 | 00846nam a22001577a 4500 | ||
|---|---|---|---|
| 003 | LRUA | ||
| 005 | 20200129142900.0 | ||
| 008 | 200129b xxu||||| |||| 00| 0 eng d | ||
| 040 | _cRUA | ||
| 082 | _aAED SRO 2017 B657 Or.1 | ||
| 100 |
_914150 _aSRO SREYMOM ស្រូ ស្រីមុំ |
||
| 245 | _athe study on economic efficiency of taro crop production of households in khpob commune, sa ang district, kandal province ការសិក្សារអំពីប្រសិទ្ធភាពសេដ្ឋកិច្ចនៃផលិតផតកម្មដំណាំត្រាវជាលក្ខណៈគ្រួសារ នៅក្នុងឃុំខ្ពប ស្រុកស្អាង ខេត្តកណ្តាល | ||
| 260 |
_aRUA _bPhnom penh _c2017 |
||
| 300 |
_ax;40p _bill; _c29cm |
||
| 942 |
_2ddc _cAED |
||
| 999 |
_c18855 _d18855 |
||